Normal view
MARC view
- Howells, William Dean,
Entry Personal Name
001 - CONTROL NUMBER
- control field: 100308
003 - CONTROL NUMBER IDENTIFIER
- control field: NUST
005 - DATE AND TIME OF LATEST TRANSACTION
- control field: 20221014114745.0
008 - FIXED-LENGTH DATA ELEMENTS
- fixed length control field: 221014|| aca||aabn | a|a d
040 ## - CATALOGING SOURCE
- Original cataloging agency: NUST
- Transcribing agency: NUST
100 ## - HEADING--PERSONAL NAME
- Personal name: Howells, William Dean,
- Dates associated with a name: 1837-1920
- General subdivision: Travel
- Geographic subdivision: Italy
670 ## - SOURCE DATA FOUND
- Source citation: Work cat.: (NUST)0: Howells, William Dean, 1837-1920. 100307, Italian journeys: from venice to naples and beyond /, 2011.
